Entrepreneurial marketing : (Record no. 23537)

MARC details
000 -LEADER
fixed length control field 02279cam a22002895a 4500
001 - CONTROL NUMBER
control field 18796919
005 - DATE AND TIME OF LATEST TRANSACTION
control field 20201128024048.0
008 - FIXED-LENGTH DATA ELEMENTS--GENERAL INFORMATION
fixed length control field 150928s2016 enka frb 001 0 eng d
020 ## - INTERNATIONAL STANDARD BOOK NUMBER
International Standard Book Number 9781137500908
040 ## - CATALOGING SOURCE
Original cataloging agency DLC
Language of cataloging eng
Transcribing agency DLC
Modifying agency EG-ScBUE
082 04 - DEWEY DECIMAL CLASSIFICATION NUMBER
Classification number 658.802
Edition number 22
Item number CHA
100 1# - MAIN ENTRY--PERSONAL NAME
Personal name Chaston, Ian.
9 (RLIN) 39406
245 10 - TITLE STATEMENT
Title Entrepreneurial marketing :
Remainder of title sustaining growth in all organisations /
Statement of responsibility, etc Ian Chaston.
250 ## - EDITION STATEMENT
Edition statement 2nd ed.
260 ## - PUBLICATION, DISTRIBUTION, ETC. (IMPRINT)
Place of publication, distribution, etc London ;
-- New York :
Name of publisher, distributor, etc Palgrave Macmillan,
Date of publication, distribution, etc 2016.
300 ## - PHYSICAL DESCRIPTION
Extent xii, 388 p. :
Other physical details ill. ;
Dimensions 24 cm.
500 ## - GENERAL NOTE
General note Index : p. 385-388.
504 ## - BIBLIOGRAPHY, ETC. NOTE
Bibliography, etc Bibliography : p. 347-384.
505 8# - FORMATTED CONTENTS NOTE
Formatted contents note Machine generated contents note: -- 1. Entrepreneurship and Market Conventions2. Understanding the Conventional Competitor3. Planning and Visioning4. Entrepreneurial Marketing Strategy5. Identifying Entrepreneurial Opportunities6. Entrepreneurial Competence7. Innovation8. Technology 9. Entrepreneurial Promotion10. Online Promotion11. Social Media12. Blogs, Tweets and Apps13. Entrepreneurial Pricing and Distribution14. Entrepreneurial Service Marketing15. B2B Marketing16. Small Firm Entrepreneurship17. Public Sector.
520 ## - SUMMARY, ETC.
Summary, etc " It is increasingly apparent that most firms succeed because they are willing to break the rules and act entrepreneurially. The purpose of this text is to examine how this simple trading principle can be applied by any individual in any private or public sector organisation by focusing on the concept of entrepreneurial marketing, across all aspects of the marketing process. Entrepreneurial Marketing begins by defining the' rules' of marketing as a basis for the entrepreneur to understand what 'rules' need breaking. Subsequent chapters cover the marketing mix, innovation management, and compare large versus small firms. All issues are illustrated with extensive real-world examples throughout. Entrepreneurial Marketing is ideal reading for students and professionals who want an exciting, relevant and innovative approach to, and perspective of, management and marketing. "--
650 #7 - SUBJECT ADDED ENTRY--TOPICAL TERM
Topical term or geographic name as entry element Marketing
General subdivision Management.
Source of heading or term BUEsh
9 (RLIN) 3301
650 #7 - SUBJECT ADDED ENTRY--TOPICAL TERM
Topical term or geographic name as entry element Entrepreneurship.
Source of heading or term BUEsh
9 (RLIN) 240
650 #7 - SUBJECT ADDED ENTRY--TOPICAL TERM
Topical term or geographic name as entry element Small business marketing.
Source of heading or term BUEsh
651 ## - SUBJECT ADDED ENTRY--GEOGRAPHIC NAME
Source of heading or term BUEsh
653 ## - INDEX TERM--UNCONTROLLED
Resource For college BAEPS, Business Administration
Arrived date list December2016
942 ## - ADDED ENTRY ELEMENTS (KOHA)
Source of classification or shelving scheme Dewey Decimal Classification
Holdings
Withdrawn status Item status Source of classification or shelving scheme Damaged status Not for loan Vendor Home library Current library Shelving location Date acquired Source of acquisition Cost, normal purchase price Total Checkouts Full call number Barcode Date last seen Cost, replacement price Koha item type
    Dewey Decimal Classification     Alahram Central Library Central Library First floor 08/12/2016 Purchase 491.00   658.802 CHA 000040368 15/07/2025 613.75 Book - Borrowing